000 01065naa a22003137a 4500
001 BR9600857
003 BR-BrBNA
005 20240918181608.0
007 ta
008 230509b bl.||||| |||| 00| 0 por d
040 _aBR-BrBNA
_bpor
_cBiblioteca Nacional de Agricultura
041 _a(Pt)
072 _aQ02
_b9205
090 _aQ02 BR9600857
100 1 _aPereira, E.M.D.
100 1 _aRoa, G.
111 1 _a3. Encontro Nacional de Secagem
_cVicosa, MG (Brazil)
_d29-31 Jul 1981
245 1 _aArmazenamento de energia solar em materiais higroscopicos de baixo custo para utilizacao na secagem de graos
260 3 _aVicosa, MG (Brasil):
_c1981.
500 _aAnais do 3. Encontro Nacional de Secagem Vicosa, MG (Brasil): 1981. p. 18-41 (BR9600857-AM)Q02
650 _aGrao
650 _aSecagem
650 _aColetor Solar
650 _aEnergia
650 _aEstocagem
773 0 _tAnais do 3. Encontro Nacional de Secagem
_wQ02 BR9600857
_gVicosa, MG (Brasil), 1981. p. 18-41
909 _a202404
_bLucia
_c55
_dLucia Elande
942 _cAM
_2AGRIS
999 _c326004
_d326004